Regímenes de anticipos de impuestos (Registro nro. 34969)
[ vista simple ]
| 000 -LEADER | |
|---|---|
| fixed length control field | 00404 a2200145 4500 |
| 001 - CONTROL NUMBER | |
| control field | ART_48504 |
| 005 - DATE AND TIME OF LATEST TRANSACTION | |
| control field | 20260410162042.0 |
| 008 - FIXED-LENGTH DATA ELEMENTS--GENERAL INFORMATION | |
| fixed length control field | 260409a |
| 100 1# - MAIN ENTRY--PERSONAL NAME | |
| Personal name | Fano, Diego G. |
| 245 10 - TITLE STATEMENT | |
| Title | Regímenes de anticipos de impuestos |
| 700 1# - ADDED ENTRY--PERSONAL NAME | |
| Personal name | Oubiña, Gabriel H. |
| 700 1# - ADDED ENTRY--PERSONAL NAME | |
| Personal name | Di Giorgio, Saverio |
| 700 1# - ADDED ENTRY--PERSONAL NAME | |
| Personal name | Marín, Antonio |
| 773 0# - HOST ITEM ENTRY | |
| Title | Impuestos |
| Related parts | - N°46 (feb. 2019) |
| Record control number | REV45175 |
No hay ítems disponibles.